| 000 | 01305nam a2200277Ia 4500 | ||
|---|---|---|---|
| 999 |
_c37999 _d37999 |
||
| 001 | 3983 | ||
| 003 | GE_BSU | ||
| 005 | 20190829162707.0 | ||
| 008 | 181216s1989||||ge |||||||||||||| ||geo|| | ||
| 020 | _a5 525 00153 5 | ||
| 040 | _cGE_BSU | ||
| 041 | _ageo | ||
| 080 | _a37.01(092)+371.48 ტ–34 | ||
| 100 |
_aტარტაკოვსკი, ბორის _93831 |
||
| 245 |
_aსუხომლინსკი / _cბ.ტარტაკოვსკი; რედ. ნორა ქართველიშვილი; თარგმნა ვასო ბაიაძემ. |
||
| 250 | _aმე-2 გამოცემა | ||
| 264 |
_aთბ. : _bნაკადული, _c1989. |
||
| 300 |
_a303გვ. ; _b21სმ. |
||
| 490 |
_aგამოჩენილ ადამიანთა ცხოვრება ; _v83 |
||
| 600 |
_aსუხომლინსკი ვ. _93832 |
||
| 653 | _aუკრაინელი პედაგოგები | ||
| 653 | _aუკრაინული პედაგოგიკური აზრის ისტორია | ||
| 700 |
_a ქართველიშვილი, ნორა _eრედაქტორი _93833 |
||
| 700 |
_aბაიაძე, ვასო _eმთარგმნელი _93834 |
||
| 942 |
_cBK _2udc |
||